Substitution of plasticizers in NBR vulcanizate with cashew nut shell oil (Record no. 69902)

MARC details
000 -LEADER
fixed length control field 00396nam a2200145Ia 4500
100 ## - MAIN ENTRY--AUTHOR NAME
Personal name Singh Ratan
245 #0 - TITLE STATEMENT
Title Substitution of plasticizers in NBR vulcanizate with cashew nut shell oil
260 ## - PUBLICATION, DISTRIBUTION, ETC. (IMPRINT)
Name of publisher Rubber World
Year of publication 2011
300 ## - PHYSICAL DESCRIPTION
Number of Pages 20-25
650 ## - SUBJECT ADDED ENTRY--TOPICAL TERM
Topical Term NBR vulcanizate
650 ## - SUBJECT ADDED ENTRY--TOPICAL TERM
Topical Term Plasticizers
700 ## - ADDED ENTRY--PERSONAL NAME
Personal name Bhattacharya P S
942 ## - ADDED ENTRY ELEMENTS (KOHA)
Koha item type Journals
Holdings
Withdrawn status Lost status Damaged status Not for loan Home library Current library Shelving location Date acquired Serial Enumeration / chronology Koha item type
      Journals RRII Library RRII Library Rubber technology 01/01/2021 Volume 243, Issue 6 Journals